000 00271nam a2200121Ia 4500
008 190216s9999||||xx |||||||||||||| ||und||
100 _aThampy V A
245 0 _aOnnamoozham
260 _bCurrent Books
_c1996
300 _a151p
650 _aMalayalam Novel
942 _cBK
999 _c27373
_d27373